000 00440nam a2200157Ia 4500
005 20250529015651.0
008 240331s9999 xx 000 0 und d
020 _a13916866
082 _bSAN
_a303.6
245 0 _aSanskruthi
260 _aNugegoda
_bDihani printing and publishing limited
_c2008
300 _a295 p ., ( c 1)
500 _aA cultural expression - Special Sambuddha Jayanthi issue
700 _aSankruti.
_eedt
942 _cL
999 _c5645
_d5645